| 000 | 00753cab a2200229 4500 | ||
|---|---|---|---|
| 001 | WB3208-06 | ||
| 008 | 090401t1996 xxu||||| |||| 00| 0 eng d | ||
| 035 | _a(Sirsi) u34324 | ||
| 041 | _aeng | ||
| 245 | _aGood start to year | ||
| 260 | _c1996 | ||
| 350 | _a0 | ||
| 490 |
_aFinancial Times _v23 February 1996, 28(1) |
||
| 520 | _aThe IPD monthly index shows the rate of total return increasing from 0.3% in December 1995 to 0.6% in January 1996. Rental value growth also rose by 0.1%. | ||
| 650 | _aALL PROPERTY RETURN RATE | ||
| 650 | _aIPD MONTHLY INDEX | ||
| 650 | _aRATES OF RETURN | ||
| 650 | _aRENTAL VALUES | ||
| 690 | _aPROPERTY-COMMERCIAL PROPERTY-COMMERCIAL PROPERTY FINANCE AND INVESTMENT | ||
| 942 | _n0 | ||
| 948 | _c04/03/1997 | ||
| 999 |
_c22752 _d22752 |
||